| 000 | 00804cam a2200229 i 4500 | ||
|---|---|---|---|
| 003 | SA-RiAUC | ||
| 005 | 20250914151548.0 | ||
| 008 | 250910s1980 ti g 000 p ara c | ||
| 040 |
_aQA-DoQUL _bara _cSA-RiAUC _erda |
||
| 082 | 0 | 4 | _a811.9611 |
| 090 |
_a811.9611 _bص م و |
||
| 100 | 1 |
_aصمود، نور الدين، _d1932- _eمؤلف. |
|
| 245 | 1 | 0 |
_aصمود : _bأغنيات عربية / _cنور الدين صمود. |
| 264 | 1 |
_aتونس : _bنور الدين صمود، _c1980 |
|
| 300 |
_a128 صفحة ؛ _c21 سم |
||
| 336 |
_aنص _btxt _2rdacontent _3كتاب |
||
| 337 |
_aبدون وسيط _bn _2rdamedia |
||
| 338 |
_aمجلد _bnc _2rdacarrier |
||
| 650 | 7 |
_aالشعر العربي _zتونس _yقرن 20 _2aucsh |
|
| 942 |
_2ddc _cBOOK _n0 |
||
| 949 |
_aSA-JeALM _d250910 _umohamedma123 _n1 |
||
| 999 |
_c11714 _d11714 |
||